| 000 | 01195nac a22003257a 4500 | ||
|---|---|---|---|
| 001 | BR8401669 | ||
| 003 | BR-BrBNA | ||
| 005 | 20240105115951.0 | ||
| 008 | 230509b bl.|||m| |||| 00| 0 por d | ||
| 040 |
_aBR-BrBNA _bpor _cBiblioteca Nacional de Agricultura |
||
| 072 | _aE15 | ||
| 090 | _a0960 BR8401669 | ||
| 100 | 1 | _aMadail, J.C.M. | |
| 100 | 1 | _aMigliorini, L.C. | |
| 110 | 1 | _aUnidade de Execucao de Pesquisa de Ambito Estadual de Cascata, Pelotas, RS (Brasil) | |
| 245 | 1 | _aFatores que influenciam os custos de producao do morangueiro em Pelotas [Fragaria spp., Rio Grande do Sul, Brasil] | |
| 246 | 1 | _a[Factors influencing production costs of strawberry plants in Pelotas [Fragaria spp., Rio Grande do Sul, Brazil]] | |
| 260 | 3 |
_aPelotas, RS (Brasil): _c1983. |
|
| 300 | _a5 p. | ||
| 490 |
_aComunicado Tecnico - Unidade de Execucao de Pesquisa de Ambito Estadual de Cascata (Brazil) _vno. 37 _xISSN 0100-7211 |
||
| 650 | _aMORANGO | ||
| 650 | _aCUSTO DE PRODUCAO | ||
| 650 | _aRECEITA | ||
| 650 | _aLUCRO | ||
| 650 | _aPRODUTIVIDADE | ||
| 650 | _aPELOTAS | ||
| 650 | _aRIO GRANDE DO SUL | ||
| 909 |
_a202312 _bLúcia Elande _c55 _dLúcia Elande |
||
| 942 |
_2AGRIS _n0 _cMS |
||
| 999 |
_c277287 _d277287 |
||